Breaking Movie News! Quiz Stats

 Plays Quiz Updated Jun 6, 2018

Score 0/15 Timer 05:00
0 Plays Today
Hint Answer % Correct
Jaws
94.1%
Willy Wonka & the Chocolate Factory
94%
Iron Man
90.8%
Despicable Me
88.8%
The Shawshank Redemption
84.8%
The Princess Bride
82.1%
Frozen
80.4%
Fargo
80%
Hint Answer % Correct
The Naked Gun
67.8%
Office Space
66.1%
Up
65.8%
The Goonies
63.8%
Inglourious Basterds
63.7%
Monty Python's Life of Brian
58.2%
Junior
39.8%

You're not logged in!

Compare scores with friends on all Sporcle quizzes.
OR
Log In

Sporcle TV

Today on Sporcle TV


Watch our educational content, quiz creation guides, and fun videos on Sporcle TV.

Show Comments

Extras

Top Quizzes Today


Score Distribution

Your Account Isn't Verified!

In order to create a playlist on Sporcle, you need to verify the email address you used during registration. Go to your Sporcle Settings to finish the process.

Report this User

Report this user for behavior that violates our Community Guidelines.

Details: